Normal view
MARC view
- Streigh, Jurgen
Entry Personal Name
001 - CONTROL NUMBER
- control field: 6357
003 - CONTROL NUMBER IDENTIFIER
- control field: OSt
005 - DATE AND TIME OF LATEST TRANSACTION
- control field: 20241101115157.0
008 - FIXED-LENGTH DATA ELEMENTS
- fixed length control field: 241101|| aca||aabn | a|a d
040 ## - CATALOGING SOURCE
- Original cataloging agency: OSt
- Transcribing agency: OSt
100 ## - HEADING--PERSONAL NAME
- Personal name: Streigh, Jurgen
670 ## - SOURCE DATA FOUND
- Source citation: Work cat.: (OSt)6200: Streigh, Jurgen ., Hot water from the sun: how to construct your own panel / , 1989.
